| 000 | 00610nam a2200169 i 4500 | ||
|---|---|---|---|
| 001 | 146222 | ||
| 003 | ES-MaACL | ||
| 005 | 20230906201445.0 | ||
| 007 | t| | ||
| 008 | 070905s1930 sp ||||1| spa d | ||
| 245 | 0 | 0 | _aTrabajos de investigación y ampliación de estudios organizados para el curso 1930-31. |
| 260 |
_a[Madrid : _bJosé Molina, _c1930] |
||
| 300 |
_a26 p. ; _c23 cm. |
||
| 500 | _aPrecede al tít.: Junta para Ampliación de Estudios e Investigaciones Científicas. | ||
| 710 | 2 |
_aJunta para la Ampliación de Estudios e Investigaciones Científicas. _95413 |
|
| 852 |
_aES-MaACL _j1741-F-18 |
||
| 999 |
_c146222 _d146222 |
||